000 00448nam a2200157Ia 4500
003 Ost
005 20260507075658.0
008 260507s9999||||xx |||||||||||||| ||und||
040 _cfsecg
041 _aara
100 _aحجاج، احمد حامد
_eمؤلف
245 0 _aالمحاسبة الادارية /
_c احمد حامد حجاج
260 _aالقاهرة:
_bالمنصورة,
_c2002
300 _a507 صفحة؛
942 _cكتاب
999 _c45760
_d45760